Introduction to Muslim Law 2nd Ed. (Record no. 18896)

MARC details
000 -LEADER
fixed length control field 00423nam a2200169Ia 4500
008 - FIXED-LENGTH DATA ELEMENTS--GENERAL INFORMATION
fixed length control field 221030s9999 xx 000 0 und d
020 ## - INTERNATIONAL STANDARD BOOK NUMBER
ISBN 9788131253809
041 ## - LANGUAGE CODE
Language code of text/sound track or separate title
100 ## - MAIN ENTRY--AUTHOR NAME
Personal name T. Mahmood
245 #0 - TITLE STATEMENT
Title Introduction to Muslim Law 2nd Ed.
Statement of responsibility, etc by T. Mahmood, S. Mahmood
250 ## - EDITION STATEMENT
Edition statement 2nd
260 ## - PUBLICATION, DISTRIBUTION, ETC. (IMPRINT)
Name of publisher Lexis Nexis
Place of publication Gurgaon
Year of publication 2022
300 ## - PHYSICAL DESCRIPTION
Number of Pages 244
650 ## - SUBJECT ADDED ENTRY--TOPICAL TERM
Topical Term Muslim Law
700 ## - ADDED ENTRY--PERSONAL NAME
Personal name S. Mahmood
942 ## - ADDED ENTRY ELEMENTS (KOHA)
Koha item type Books
Holdings
Accession Number Cost, normal purchase price Bill Date Source of acquisition Price effective from Koha item type Withdrawn / writtenoff status Materials specified (bound volume or other part) Damaged status Not for loan Permanent Location Current Location Shelving location Date acquired Lost/ Missing status department
LLB 149 475.00 15 RKB 10/30/2022 Books   Print   Not For Loan MIET Library, Jammu MIET Library, Jammu BL-, FL-, CUP-181, SH-5, R-5 05/04/2022   BBA LLB
LLB 150 475.00 15 RKB 10/30/2022 Books   Print     MIET Library, Jammu MIET Library, Jammu BL-, FL-, CUP-176, SH-3, R-3 05/04/2022   BBA LLB
LLB 151 475.00 15 RKB 10/30/2022 Books   Print     MIET Library, Jammu MIET Library, Jammu BL-, FL-, CUP-176, SH-3, R-3 05/04/2022   BBA LLB
LLB 152 475.00 15 RKB 10/30/2022 Books   Print     MIET Library, Jammu MIET Library, Jammu BL-, FL-, CUP-176, SH-3, R-3 05/04/2022   BBA LLB
LLB 153 475.00 15 RKB 10/30/2022 Books   Print     MIET Library, Jammu MIET Library, Jammu BL-, FL-, CUP-176, SH-3, R-3 05/04/2022   BBA LLB
LLB 154 475.00 15 RKB 10/30/2022 Books   Print     MIET Library, Jammu MIET Library, Jammu BL-, FL-, CUP-176, SH-3, R-3 05/04/2022   BBA LLB
LLb 881 495.00 24-5-2023 Radha Krishna Anand & Co, Jammu 05/30/2023 Books         MIET Library, Jammu MIET Library, Jammu 176/3 05/26/2023   BBA LLB
LLb 882 495.00 24-5-2023 Radha Krishna Anand & Co, Jammu 05/30/2023 Books         MIET Library, Jammu MIET Library, Jammu 176/3 05/26/2023   BBA LLB
LLb 883 495.00 24-5-2023 Radha Krishna Anand & Co, Jammu 05/30/2023 Books         MIET Library, Jammu MIET Library, Jammu 176/3 05/26/2023   BBA LLB
LLb 884 495.00 24-5-2023 Radha Krishna Anand & Co, Jammu 05/30/2023 Books         MIET Library, Jammu MIET Library, Jammu 176/3 05/26/2023   BBA LLB
LLb 885 495.00 24-5-2023 Radha Krishna Anand & Co, Jammu 05/30/2023 Books         MIET Library, Jammu MIET Library, Jammu 176/3 05/26/2023   BBA LLB